000 00529nam a22002057a 4500
003 DO-SdBNP
005 20210901152429.0
007 ta
008 210901e2019 dr ||||er|||| 001 0 spa d
020 _a9789945597752
040 _aDO-SdBNP
_bspa
_cBNPHU
_dBNPHU
041 _hspa
082 _bN753m
100 1 _aNoboa Fiallo, Ricky
_979702
245 1 2 _aMi compromiso /
_cRicky Noboa
260 _aSanto Domingo :
_bAmigo del Hogar,
_c2019
300 _a158 p.;
_c22 cm
590 _aInventariado 2021 / MF
942 _2ddc
_cLBS1
999 _c50375
_d50375